Ehemalige Hauptstädte von Ländern - Statistiken

Allgemein
  • Dieses Quiz wurde 80 mal gespielt
  • Das Durchschnittsergebnis liegt bei 9 aus 14
Antwortstatistiken
Hint Antwort % Korrekt
Melbourne Australien
100%
Rio de Janeiro Brasilien
100%
Kyoto Japan
99%
Philadelphia USA
97%
Xi'an China
93%
Lagos Nigeria
72%
Almaty Kasachstan
71%
Karatschi Pakistan
70%
Daressalam Tansania
57%
Rangun Myanmar
46%
Abidjan Elfenbeinküste
45%
Comayagua Honduras
13%
Ta'izz Jemen
12%
Zomba Malawi
7%
Keine übereinstimmenden Quizze gefunden
Verteilung der Resultate
Anzahl Personen mit jedem Resultat
Perzentil nach korrekt beantworteten Fragen
Ihre Resultats-Entwicklung
Sie haben dieses Quiz noch nicht gespielt